Coupes du Monde de Football: Corée du Sud - Statistiques

Statistiques générales
  • Ce quiz a été pris 173 fois
    98 depuis la dernière actualisation
  • Le résultat moyen est 19 sur 25
Statistiques - réponses
Réponse % Correct
Brésil
99%
France
98%
Allemagne
95%
Argentine
95%
Espagne
94%
Mexique
94%
Portugal
94%
Italie
91%
Uruguay
90%
Suisse
89%
Etats-Unis
81%
Russie
81%
Algérie
80%
Belgique
79%
Ghana
78%
Suède
77%
Turquie
74%
Pays-Bas
72%
Pologne
72%
Hongrie
62%
Grèce
54%
Togo
48%
Nigeria
47%
Bulgarie
46%
Bolivie
36%
Aucun quiz correspondant
Distribution des résultats
% des personnes avec chaque résultat
Percentile par nombre de réponses
Votre historique - résultats
Vous n’avez pas pris ce quiz depuis la dernière actualisation